000 00239nmm a2200085Ia 4500
008 220120s9999||||xx |||||||||||||||||und||
100 _aDigit
245 0 _aAndroidd 5.0, lolipop android development tools UX design vi
260 _aNine dot Nine
999 _c139942
_d139942